Normale Ansicht MARC-Ansicht ISBD

Ekaterina i Potemkin : podlinnaja ich perepiska, 1782-1791 (Titelsatznr. 50219)

[ MARC ]
MARC-Details
000 -Satzkennung
Kontrollfeld mit fester Länge 00620nam a22002053u 4500
001 - Kontrollnummer
Kontrollfeld a987689956+[2]
003 - Kontrollnummer Identifier
Kontrollfeld RU-10907106
005 - Datum und Zeit der letzten Transaktion
Kontrollfeld 20220914121615.0
008 - Feld mit fester Länge zur physischen Beschreibung - Allgemeine Angaben
Kontrollfeld mit fester Länge 180713s2017 gw |||| 000u rus d
020 ## - Internationale Standardbuchnummer
Internationale Standardbuchnummer 9785852094155
Verknüpfung 978-5-85209-415-5
035 ## - Systemkontrollnummer
System-Kontrollnummer a987689956
040 ## - Katalogisierungsquelle
Übertragungsstelle RU-10907106
Original-Katalogisierungsstelle RU-10907106
Katalogisierungssprache ger
041 ## - Sprachcode
Sprachcode des Textes/der Tonspur oder des separaten Titels rus
245 00 - Titel
Titel Ekaterina i Potemkin : podlinnaja ich perepiska, 1782-1791
264 ## - Produktion, Veröffentlichung, Distribution, Herstellung und Urheberrechtsvermerk
Herstellungs-, Veröffentlichungs- Vertriebs-, Erzeugungsort Moskva,
Datum der Herstellung, der Veröffentlichung, des Vertriebs oder des Urheberschutzvermerks 2017
300 ## - Physische Beschreibung
Umfang Seiten 281-517
700 1# - Nebeneintragung - Personenname
Personenname Lobaškova, Tat'jana Anatol'evna
Funktionsbezeichnung HerausgeberIn
Koha-Normdatenidentnummer 3158
773 0# - Übergeordnete Einheit
Datensatzkontrollnummer a987689956
Zählung und erste Seite [2]
Haupteintragung Zapiski Michaila Garnovskogo
942 ## - Zusätzliche Felder (Koha)
Koha-Medientyp Monographien
Klassifikation oder Aufstellungssystematik Andere/Generische Klassifikation

Keine Exemplare verfügbar.